000 00577nam a22002177a 4500
003 BCEG
005 20260303111010.0
008 260303s2009 mx|||||| |||| 00| 0 spa d
020 _a9786070016950
040 _aBCEG
_bspa
_cBCEG
082 0 4 _a641.86
_bC397d
100 1 _aCenteno Canal, Ma. Esther.
245 1 _aDeliciosos postres para toda ocasión.
260 _aMéxico :
_bDelfín,
_c2009.
300 _a94 p.
_b: il.
490 _aMás Lectores.
541 _aDonación.
650 1 4 _aPostres
_vRecetas.
650 1 4 _aRepostería
_vRecetas de cocina.
942 _cBK
999 _c437086
_d437086